<?xml version="1.0" encoding="UTF-8"?>
<marc:record xmlns:marc="http://www.loc.gov/MARC21/slim">
   <marc:leader>00000nam a2200000 a 4500</marc:leader>
   <marc:datafield ind1="1" ind2=" " tag="100">
      <marc:subfield code="a">Lindgren, Astrid</marc:subfield>
      <marc:subfield code="4">aut</marc:subfield>
      <marc:subfield code="e">Verfasser/-in</marc:subfield>
   </marc:datafield>
   <marc:datafield ind1="0" ind2="0" tag="245">
      <marc:subfield code="a">Michel bringt die Welt in Ordnung</marc:subfield>
   </marc:datafield>
   <marc:datafield ind1="0" ind2="0" tag="245">
      <marc:subfield code="c">Astrid Lindgren ; Deutsch von Karl Kurt Peters</marc:subfield>
   </marc:datafield>
   <marc:datafield ind1=" " ind2="1" tag="264">
      <marc:subfield code="a">Hamburg</marc:subfield>
      <marc:subfield code="b">Verlag Friedrich Oetinger</marc:subfield>
      <marc:subfield code="c">2019</marc:subfield>
   </marc:datafield>
   <marc:datafield ind1="1" ind2=" " tag="520">
      <marc:subfield code="a">Angaben aus der Verlagsmeldung

Michel bringt die Welt in Ordnung / von Astrid Lindgren

Der Kinderklassiker Michel aus Lönneberga mit mehr Bildern und in Farbe.
Michel macht mehr Unfug, als das Jahr Tage hat! Den Hühnern gibt er vergorene Kirschen zu essen und seine kleine Schwester Ida malt er im Gesicht ganz blau an. Doch Michel bringt die Welt auch in Ordnung und wird diesmal sogar zum Lebensretter.
Hier kommt Astrid Lindgrens Michel aus Lönneberga mit vielen bislang unveröffentlichten Illustrationen und farbenfroh in die Kinderzimmer – so frech und liebenswert wie eh und je.
</marc:subfield>
   </marc:datafield>
   <marc:datafield ind1=" " ind2=" " tag="020">
      <marc:subfield code="a">9783789109959</marc:subfield>
      <marc:subfield code="9">9783789109959</marc:subfield>
   </marc:datafield>
   <marc:datafield ind1=" " ind2=" " tag="020">
      <marc:subfield code="a">3789109959</marc:subfield>
      <marc:subfield code="9">3789109959</marc:subfield>
   </marc:datafield>
   <marc:datafield ind1=" " ind2=" " tag="041">
      <marc:subfield code="a">ger</marc:subfield>
   </marc:datafield>
   <marc:datafield ind1=" " ind2=" " tag="300">
      <marc:subfield code="a">183 Seiten</marc:subfield>
   </marc:datafield>
</marc:record>
